000 00292nam a22001337a 4500
008 181015b xxu||||| |||| 00| 0 eng d
020 _a9780205360932
041 _aeng
080 _27 ED
_a159.9
100 _a49
101 _aPSI
245 _aPsychology
_cStanovich.K.E
942 _2udc
_cBK
999 _c49784
_d49784